[Event "Dortmund1"]
[Site "Dortmund"]
[Date "2006.06.02"]
[Round "11"]
[White "Beckers, Juergen"]
[Black "Isbruch, Lars"]
[Result "0-1"]
[WhiteElo "1426"]
[BlackElo "1231"]
[PlyCount "62"]
[EventDate "2006.10.15"]
[EventType "swiss"]
[EventRounds "9"]
[EventCountry "GER"]
[SourceTitle "EXT 2007"]
[Source "ChessBase"]
[SourceDate "2006.11.23"]
[SourceVersion "1"]
[SourceVersionDate "2006.11.23"]
[SourceQuality "1"]

1. e4 e5 2. Nf3 Nc6 3. Bc4 Bc5 4. Nc3 d6 5. Nd5 Nf6 6. Nxf6+ Qxf6 7. c3 Bg4 8. Be2 0-0 9. 0-0 Qg6 10. Nh4 Bxe2 11. Nxg6 Bxd1 12. Nxf8 Bg4 13. h3 Bc8 14. b4 Bb6 15. a4 a6 16. a5 Ba7 17. Nxh7 Kxh7 18. Kh2 Be6 19. d3 Rd8 20. f4 f6 21. f5 Bb3 22. Rf3 Bc2 23. Be3 Bxe3 24. Rxe3 d5 25. Ra2 d4 26. cxd4 exd4 27. Rg3 Nxb4 28. Rb2 c5 29. Rf3 Bxd3 30. Rxb4 Bxe4 31. Rxb7 Bxb7 0-1

[Event "Dortmund1"]
[Site "Dortmund"]
[Date "2006.05.30"]
[Round "10"]
[White "Isbruch, Lars"]
[Black "Grawe, Herbert"]
[Result "1-0"]
[WhiteElo "1231"]
[BlackElo "1477"]
[PlyCount "109"]
[EventDate "2006.10.15"]
[EventType "swiss"]
[EventRounds "9"]
[EventCountry "GER"]
[SourceTitle "EXT 2007"]
[Source "ChessBase"]
[SourceDate "2006.11.23"]
[SourceVersion "1"]
[SourceVersionDate "2006.11.23"]
[SourceQuality "1"]

1. e4 Nc6 2. Nf3 e5 3. Bb5 Qf6 4. 0-0 Bc5 5. Nc3 a6 6. Bc4 d6 7. Nd5 Qd8 8. h3 h6 9. d3 Ba7 10. Re1 Na5 11. Ne3 Nxc4 12. Nxc4 c5 13. b3 Ne7 14. Bb2 0-0 15. c3 f5 16. Qd2 f4 17. d4 b5 18. Na3 Qc7 19. dxe5 dxe5 20. c4 Bb7 21. Bxe5 Qb6 22. Qd6 Nc6 23. Qc7 Qxc7 24. Bxc7 b4 25. Nc2 Bb8 26. Bxb8 Raxb8 27. Rad1 Ne7 28. Ne5 Rbe8 29. Nd7 Rf7 30. Nxc5 Bc8 31. Nxb4 f3 32. g4 Ng6 33. Ncxa6 Nf4 34. Kh2 Ne2 35. Nc5 Kh7 36. Nc2 h5 37. Nd4 Rd8 38. Nxe2 Rxd1 39. Rxd1 fxe2 40. Re1 hxg4 41. Rxe2 Rf3 42. hxg4 Bxg4 43. e5 Rh3+ 44. Kg2 Rh6 45. Re3 Rc6 46. b4 Rg6 47. Rg3 Be2 48. Rxg6 Kxg6 49. f4 Bxc4 50. a4 Kf5 51. Kf3 g5 52. fxg5 Kxg5 53. Ke4 Kg6 54. b5 Kf7 55. b6 1-0